000 01832cam a22004934i 4500
003 PE-LiUPU
005 20250731173018.0
008 150623s r 000 0 d
020 _a0830813322
035 _a(Sirsi) i9780830813322
040 _aPE-LiUPU
_bspa
_cPE-LiUPU
_erda
049 _aPRUA
082 0 4 _a266.001
_bB95
_221
100 1 _aBush, Luis,
_eautor.
245 1 0 _aPartnering ministry; the direction of world evangelism /
_cLuis Bush and Lorry Lutz.
264 1 _aDowners Grove, Illinois :
_bInterVarsity Press,
_c1990.
300 _a192 páginas ;
_c21 centímetros
336 _atext
_2rdacontent
337 _aunmediated
_2rdamedia
338 _avolume
_2rdacarrier
504 _aIncluye bibliografía.
505 0 _aPartnerships everywhere. -Partnering goes back a long way. -From paternalism to partnership. -It sounds like a marriage. -Maintaining a balance. -The daughter becomes a friend. -Mainline models. -Crucified nationalism. -Great expectations. -Teaming up to give. -The cords of victory.
526 _aSEG42
526 _aSEG41
526 _aSEG40
526 _aSEG39
526 _aP94
526 _aP87
526 _aP86
526 _aP85
526 _aP77
526 _aP76
526 _aP35
650 0 4 _aAdministración de la iglesia indígena.
650 0 4 _aAsociación.
650 0 4 _aMisiones
_xTeoría.
700 1 _aLorry Lutz,
_eautor.
942 _2ddc
_cBOOK
949 _a266.001 B95
_wDEWEY
_c1
_i47376
_lCCODEBUL1
_mBUL
_r0
_sY
_tBOOK
_u2015-6-24
_xTEOLOGIA
_PP35
_0COMPRA
_o.STAFF. Colección General
994 _aC0
_bPEPRU
596 _a1
999 _a266.001 B95
_wDEWEY
_c23930
_i47376
_f2021-11-10
_g4
_lCCODEBUL1
_mBUL
_r0
_sY
_tBOOK
_u2015-6-24
_xTEOLOGIA
_PP35
_0COMPRA
_o.STAFF. Colección General
_d23930
980 _81
_gALBERTO SANCHEZ Responsable de Automatización